[Event "Plzen op 11th"]
[Site "Plzen"]
[Date "2023.03.10"]
[Round "8"]
[White "Bergerhoff, Andreas"]
[Black "Hosnedl, Jiri"]
[Result "1/2-1/2"]
[WhiteElo "2016"]
[BlackElo "1864"]
[PlyCount "34"]
[EventDate "2023.03.04"]
[EventType "swiss"]
[EventRounds "9"]
[EventCountry "CZE"]
[SourceTitle "CBM 213 Extra"]
[Source "ChessBase"]
[SourceDate "2023.05.31"]
[SourceVersion "1"]
[SourceVersionDate "2023.05.31"]
[SourceQuality "1"]

1. d4 d5 2. Nc3 Nf6 3. Bf4 e6 4. e3 a6 5. Nf3 Nbd7 6. Ne5 c5 7. Be2 cxd4 8. exd4 Bb4 9. 0-0 0-0 10. Qd3 Nxe5 11. Bxe5 Bd7 12. Qg3 Rc8 13. Rfd1 g6 14. Rd3 Bxc3 15. Qh4 Nh5 16. Qxh5 f6 17. Rg3 fxe5 1/2-1/2

[Event "Baden-Baden Autumn op"]
[Site "Baden-Baden"]
[Date "2022.11.06"]
[Round "7"]
[White "Koll, Linus"]
[Black "Bergerhoff, Andreas"]
[Result "0-1"]
[WhiteElo "2100"]
[BlackElo "1987"]
[PlyCount "164"]
[EventDate "2022.11.03"]
[EventType "swiss"]
[EventRounds "7"]
[EventCountry "GER"]
[SourceTitle "EXT 2024"]
[Source "ChessBase"]
[SourceDate "2023.10.10"]
[SourceVersion "1"]
[SourceVersionDate "2023.10.10"]
[SourceQuality "1"]

1. e4 d6 2. d4 Nf6 3. Nc3 Nbd7 4. Nf3 e5 5. Be2 Be7 6. h3 c6 7. Be3 Qc7 8. 0-0 h6 9. a4 g5 10. a5 Nf8 11. a6 b6 12. d5 c5 13. Nb5 Qb8 14. Nd2 Ng6 15. b4 Bd7 16. f3 Qc8 17. bxc5 dxc5 18. d6 Bd8 19. Kf2 0-0 20. h4 Nxh4 21. Rh1 Kg7 22. Qg1 Rh8 23. g3 Ng6 24. f4 Bxb5 25. Bxb5 Ng4+ 26. Kf3 Nxe3 27. Qxe3 exf4 28. gxf4 Nxf4 29. Rag1 Ng6 30. Nc4 Bf6 31. Rd1 Qe6 32. d7 Bd4 33. Qe1 Qf6+ 34. Kg2 Nh4+ 35. Rxh4 gxh4 36. Qe2 Kh7 37. Kh1 Rhg8 38. Rf1 Qe6 39. Qf3 Rg7 40. c3 Be5 41. Nxe5 Qxe5 42. Qf5+ Qxf5 43. exf5 f6 44. Re1 Rd8 45. Re8 Rdxd7 46. Bxd7 Rxd7 47. Ra8 Kg7 48. Kg2 Kf7 49. Kf3 Ke7 50. Rh8 Rd3+ 51. Ke4 Rxc3 52. Rxh6 Ra3 53. Kd5 Rxa6 54. Rh7+ Kf8 55. Rxh4 c4 56. Rxc4 Kf7 57. Rc7+ Kg8 58. Rb7 Kf8 59. Ke6 b5+ 60. Kd5 Rb6 61. Rxa7 b4 62. Ra2 b3 63. Rb2 Kg7 64. Kc5 Rb8 65. Kd5 Kh6 66. Ke6 Rb6+ 67. Kd5 Kg5 68. Kd4 Kxf5 69. Ke3 Ke5 70. Kd3 f5 71. Ke3 Rh6 72. Re2 Rh3+ 73. Kd2+ Kd4 74. Re8 Rh2+ 75. Kc1 f4 76. Kb1 f3 77. Rd8+ Ke3 78. Re8+ Kf2 79. Rf8 Kg2 80. Rg8+ Kf1 81. Kc1 b2+ 82. Kb1 Rg2 0-1

[Event "Mittelfrank Regionalliga Sud-Ost 2223"]
[Site "Mittelfranken"]
[Date "2022.10.23"]
[Round "2.2"]
[White "Tunka, Philipp"]
[Black "Bergerhoff, Andreas"]
[Result "0-1"]
[WhiteElo "2054"]
[BlackElo "2025"]
[PlyCount "59"]
[EventDate "2022.10.09"]
[EventType "team-tourn"]
[EventRounds "9"]
[EventCountry "GER"]
[SourceTitle "EXT 2024"]
[Source "ChessBase"]
[SourceDate "2023.10.10"]
[SourceVersion "1"]
[SourceVersionDate "2023.10.10"]
[SourceQuality "1"]
[WhiteTeam "Groebenzell II"]
[BlackTeam "Bruckmuehl"]
[WhiteTeamCountry "GER"]
[BlackTeamCountry "GER"]

1. d4 f5 2. e4 fxe4 3. Nc3 Nf6 4. Bg5 e6 5. Nxe4 Be7 6. Ng3 0-0 7. Bd3 d6 8. Nf3 Nc6 9. Qe2 Nb4 10. Bc4 d5 11. Bb3 c5 12. dxc5 Na6 13. c6 bxc6 14. Ne5 Qd6 15. c3 Nc5 16. Bc2 Ba6 17. Qe3 Bd8 18. 0-0-0 Bb6 19. Qe1 Nfd7 20. Nxd7 Qxd7 21. f3 Rab8 22. Nh5 Bd8 23. Be3 Nb7 24. Bd4 Rf7 25. Nxg7 Rxg7 26. Bxg7 Qxg7 27. Qxe6+ Qf7 28. Qxc6 Bc4 29. b3 Bf6 30. Rd2 0-1

[Event "Hradec Kralove op 11th"]
[Site "Hradec Kralove"]
[Date "2021.11.13"]
[Round "9"]
[White "Lysenko, Volodymyr"]
[Black "Bergerhoff, Andreas"]
[Result "0-1"]
[WhiteElo "1845"]
[BlackElo "2039"]
[PlyCount "41"]
[EventDate "2021.11.06"]
[EventType "swiss"]
[EventRounds "9"]
[EventCountry "CZE"]
[SourceTitle "CBM 205 Extra"]
[Source "ChessBase"]
[SourceDate "2022.01.31"]
[SourceVersion "1"]
[SourceVersionDate "2022.01.31"]
[SourceQuality "1"]

1. d4 f5 2. e4 fxe4 3. Nc3 Nf6 4. Bg5 b6 5. Bxf6 exf6 6. Nxe4 Qe7 7. Qe2 Ba6 8. Qe3 d5 9. Bxa6 Nxa6 10. Nc3 Qxe3+ 11. fxe3 Bb4 12. Nge2 0-0-0 13. a3 Bxc3+ 14. Nxc3 Rhe8 15. Ke2 c6 16. g4 Re7 17. Rae1 Nc7 18. Kf3 Rde8 19. e4 Ne6 20. exd5 Ng5+ 21. Kf2 0-1

[Event "Regionalliga Sued-Ost 1819"]
[Site "Bayern"]
[Date "2019.02.03"]
[Round "6.1"]
[White "Bergerhoff, Andreas"]
[Black "Maier, Alexander"]
[Result "0-1"]
[WhiteElo "2038"]
[BlackElo "2294"]
[PlyCount "72"]
[EventDate "2018.10.21"]
[EventType "team-tourn"]
[EventRounds "9"]
[EventCountry "GER"]
[SourceTitle "EXT 2022"]
[Source "ChessBase"]
[SourceDate "2021.10.06"]
[SourceVersion "1"]
[SourceVersionDate "2021.10.06"]
[SourceQuality "1"]
[WhiteTeam "Bruckmühl SK"]
[BlackTeam "Groebenzell II"]
[WhiteTeamCountry "GER"]
[BlackTeamCountry "GER"]

1. e4 c5 2. c4 g6 3. Nc3 Bg7 4. g3 Nc6 5. Bg2 a6 6. d3 Rb8 7. f4 d6 8. Nge2 e6 9. 0-0 Nge7 10. Be3 Nd4 11. Qd2 f5 12. Bf2 Nec6 13. exf5 gxf5 14. Nxd4 Nxd4 15. Ne2 Nxe2+ 16. Qxe2 0-0 17. Rad1 b5 18. d4 bxc4 19. dxc5 d5 20. Bd4 Bxd4+ 21. Rxd4 Qc7 22. Kh1 Rb5 23. g4 fxg4 24. f5 exf5 25. Bxd5+ Kg7 26. Qe3 Rf6 27. Qe8 Rg6 28. Re1 Kh6 29. Re7 Qxc5 30. Qf8+ Kg5 31. h4+ gxh3 32. Qd8 Qxd4 33. Re6+ Kh6 34. Qf8+ Qg7 35. Qxf5 Bxe6 36. Qf4+ Kh5 0-1

[Event "Oberbayern-ch"]
[Site "Hochstaett am Inn"]
[Date "2017.05.28"]
[Round "2.9"]
[White "Bergerhoff, Andreas"]
[Black "Linner, Christian"]
[Result "1/2-1/2"]
[WhiteElo "1988"]
[BlackElo "2001"]
[PlyCount "73"]
[EventDate "2017.05.28"]
[EventType "swiss"]
[EventRounds "7"]
[EventCountry "GER"]
[SourceTitle "EXT 2022"]
[Source "ChessBase"]
[SourceDate "2021.10.06"]
[SourceVersion "1"]
[SourceVersionDate "2021.10.06"]
[SourceQuality "1"]

1. e4 d6 2. f4 d5 3. e5 c5 4. Nf3 Nc6 5. Bb5 Qb6 6. a4 Bg4 7. h3 Bxf3 8. Qxf3 e6 9. d3 Nge7 10. Be3 a6 11. Bxc6+ Nxc6 12. b3 Nd4 13. Qd1 Nf5 14. Bf2 h5 15. Nd2 Qc6 16. 0-0 Be7 17. c3 h4 18. Nf3 Rc8 19. Qd2 Rh6 20. b4 Rg6 21. d4 cxb4 22. cxb4 Qc3 23. Rac1 Qxd2 24. Rxc8+ Kd7 25. Nxd2 Kxc8 26. Rc1+ Kb8 27. b5 Bb4 28. Nf3 Rh6 29. bxa6 bxa6 30. Rb1 a5 31. Be1 Ka7 32. Bxb4 axb4 33. Rxb4 Rh8 34. Ng5 Nh6 35. Rb5 Rb8 36. Rxb8 Kxb8 37. Kf2 1/2-1/2

[Event "Oberbayern-ch"]
[Site "Hochstaett am Inn"]
[Date "2017.05.28"]
[Round "7.5"]
[White "Frese, Daniel"]
[Black "Bergerhoff, Andreas"]
[Result "1/2-1/2"]
[WhiteElo "2063"]
[BlackElo "1988"]
[PlyCount "93"]
[EventDate "2017.05.28"]
[EventType "swiss"]
[EventRounds "7"]
[EventCountry "GER"]
[SourceTitle "EXT 2022"]
[Source "ChessBase"]
[SourceDate "2021.10.06"]
[SourceVersion "1"]
[SourceVersionDate "2021.10.06"]
[SourceQuality "1"]

1. e4 c5 2. Nf3 e6 3. d4 cxd4 4. Nxd4 Nc6 5. Nc3 Qc7 6. Be3 a6 7. Qd2 b5 8. Nxc6 Qxc6 9. 0-0-0 Bb4 10. Bd4 f6 11. e5 Bb7 12. Be2 0-0-0 13. Bf3 Qc7 14. Qe3 Bxf3 15. Qxf3 Qc6 16. Qg3 Ne7 17. exf6 gxf6 18. Bxf6 Rhf8 19. Qh4 Nf5 20. Qxb4 Rxf6 21. Ne4 a5 22. Qc5 Qxc5 23. Nxc5 Kc7 24. Rhe1 Nh4 25. g3 Nf3 26. Re3 Nxh2 27. Rc3 b4 28. Rc4 d5 29. Nxe6+ Kb6 30. Rxb4+ axb4 31. Nxd8 Rxf2 32. Rxd5 Rg2 33. Rd3 Rg1+ 34. Kd2 Rg2+ 35. Kd1 Rg1+ 36. Kd2 Rg2+ 37. Kd1 Rg1+ 38. Ke2 Rg2+ 39. Ke1 Rxc2 40. Rb3 Kc5 41. Ne6+ Kc4 42. Nf4 Rc1+ 43. Kd2 Ra1 44. Nd3 Nf1+ 45. Ke2 Nxg3+ 46. Kf3 Rxa2 47. Rxb4+ 1/2-1/2

[Event "Regionalliga SO 1516"]
[Site "Bayern"]
[Date "2016.01.17"]
[Round "5.6"]
[White "Steinheimer, Juergen"]
[Black "Bergerhoff, Andreas"]
[Result "0-1"]
[WhiteElo "2035"]
[BlackElo "1910"]
[PlyCount "96"]
[EventDate "2015.10.11"]
[EventType "team-tourn"]
[EventRounds "9"]
[EventCountry "GER"]
[SourceTitle "EXT 2018"]
[Source "ChessBase"]
[SourceDate "2017.10.13"]
[SourceVersion "1"]
[SourceVersionDate "2017.10.13"]
[SourceQuality "1"]
[WhiteTeam "Graefelfing"]
[BlackTeam "Bruckmuehl"]
[WhiteTeamCountry "GER"]
[BlackTeamCountry "GER"]

1. e4 c5 2. c3 d5 3. exd5 Qxd5 4. d4 Nf6 5. Nf3 Bg4 6. dxc5 Qxd1+ 7. Kxd1 Nc6 8. b4 a5 9. Bb5 axb4 10. cxb4 0-0-0+ 11. Kc2 Bxf3 12. gxf3 Nd4+ 13. Kc3 Nxb5+ 14. Kc4 Nd4 15. Nc3 Nxf3 16. a4 Ng4 17. a5 Nge5+ 18. Kb5 Nd4+ 19. Ka4 e6 20. Nb5 Nec6 21. Be3 Nc2 22. Rab1 Be7 23. Bf4 e5 24. Bg3 f5 25. f3 N2xb4 26. Rxb4 Nxb4 27. Kxb4 f4 28. Bf2 Rd2 29. Rf1 Rhd8 30. Nc3 Rb2+ 31. Kc4 Rdd2 32. Ne4 Re2 33. Kd5 Bf6 34. c6 bxc6+ 35. Kxc6 Rec2+ 36. Kd5 Rb5+ 37. Ke6 Rxa5 38. h4 Rc6+ 39. Kf5 h5 40. Rd1 Be7 41. Rg1 Bf6 42. Kg6 Bxh4+ 43. Kxh5 Rh6+ 44. Kg4 Bxf2 45. Rc1+ Bc5 46. Rxc5+ Rxc5 47. Nxc5 Kc7 48. Kf5 Kd6 0-1

[Event "Bayern-chI Bank Hofmann 19th"]
[Site "Bad Wiessee"]
[Date "2015.11.04"]
[Round "5"]
[White "Bergerhoff, Andreas"]
[Black "Hedke, Fred"]
[Result "0-1"]
[WhiteElo "2097"]
[BlackElo "2237"]
[PlyCount "84"]
[EventDate "2015.10.31"]
[EventType "swiss"]
[EventRounds "9"]
[EventCountry "GER"]
[SourceTitle "EXT 2017"]
[Source "ChessBase"]
[SourceDate "2016.10.25"]
[SourceVersion "1"]
[SourceVersionDate "2016.10.25"]
[SourceQuality "1"]

1. c4 e6 2. e4 d5 3. cxd5 exd5 4. exd5 Nf6 5. Nc3 Be7 6. Nf3 Nxd5 7. Bc4 Nb6 8. Bb3 0-0 9. d4 Bg4 10. Be3 N8d7 11. h3 Bh5 12. g4 Bg6 13. h4 Bb4 14. Ng5 Nf6 15. h5 Be4 16. Ngxe4 Nxe4 17. Qc2 Re8 18. 0-0-0 Bxc3 19. bxc3 Nd5 20. c4 Nxe3 21. fxe3 Qg5 22. Rhf1 Qxe3+ 23. Kb1 Re7 24. Rfe1 Qf4 25. Qg2 Rae8 26. Rf1 Qh6 27. c5 c6 28. Rde1 Ng5 29. Qg3 Ne6 30. Qf2 b6 31. g5 Qxh5 32. Re5 Nxg5 33. Rxe7 Rxe7 34. Qf5 Qe2 35. Ka1 h6 36. Bd1 Qe3 37. Bc2 Qxd4+ 38. Kb1 Qb4+ 39. Ka1 Qc3+ 40. Kb1 Qe5 41. Qc8+ Re8 42. Qxc6 bxc5 0-1

[Event "Nittenau-ch op 15th"]
[Site "Nittenau"]
[Date "2015.09.19"]
[Round "3"]
[White "Bergerhoff, Andreas"]
[Black "Kuehner, Andreas"]
[Result "1/2-1/2"]
[WhiteElo "2097"]
[BlackElo "1773"]
[PlyCount "22"]
[EventDate "2015.09.18"]
[EventType "swiss"]
[EventRounds "5"]
[EventCountry "GER"]
[SourceTitle "EXT 2017"]
[Source "ChessBase"]
[SourceDate "2016.10.25"]
[SourceVersion "1"]
[SourceVersionDate "2016.10.25"]
[SourceQuality "1"]

1. c4 e6 2. e4 d5 3. exd5 exd5 4. cxd5 Qxd5 5. Nc3 Qd6 6. Nf3 Nf6 7. d4 c6 8. Bc4 Be7 9. Qb3 0-0 10. Ne5 Qxd4 11. Nxf7 b5 1/2-1/2

[Event "Nittenau-ch 14th"]
[Site "Nittenau"]
[Date "2014.09.06"]
[Round "3"]
[White "Bergerhoff, Andreas"]
[Black "Stadler, Alexander"]
[Result "1/2-1/2"]
[WhiteElo "1949"]
[BlackElo "2130"]
[PlyCount "128"]
[EventDate "2014.09.05"]
[EventType "swiss"]
[EventRounds "5"]
[EventCountry "GER"]
[SourceTitle "CBM 162 Extra"]
[Source "ChessBase"]
[SourceDate "2014.10.17"]
[SourceVersion "1"]
[SourceVersionDate "2014.10.17"]
[SourceQuality "1"]

1. c4 Nf6 2. Nc3 g6 3. g3 Bg7 4. Bg2 0-0 5. e4 d6 6. Nge2 c5 7. 0-0 Ne8 8. f4 Nc6 9. f5 e6 10. fxg6 fxg6 11. Rxf8+ Kxf8 12. d3 Bd7 13. Be3 Kg8 14. Qd2 Ne5 15. Rf1 Bf6 16. h3 Ng7 17. b3 Nc6 18. d4 cxd4 19. Nxd4 Nxd4 20. Bxd4 Bxd4+ 21. Qxd4 Bc6 22. Nb5 Bxb5 23. cxb5 Qb6 24. Qxb6 axb6 25. a4 Rc8 26. Rd1 Ne8 27. Bf1 Kf7 28. Kf2 Nf6 29. Ke3 Ke7 30. Bc4 Nd7 31. Rf1 Nc5 32. Kd4 Nd7 33. g4 g5 34. Rf2 Ne5 35. Rf1 Ng6 36. Ke3 Nf4 37. Ra1 d5 38. exd5 exd5 39. Bf1 Rc3+ 40. Kd4 Rxb3 41. Ke5 Re3+ 42. Kf5 Ne6 43. Bg2 Re2 44. Bxd5 Nd4+ 45. Kxg5 Re5+ 46. Kh6 Rxd5 47. Kxh7 Ne6 48. h4 Rd4 49. Rg1 Rxa4 50. h5 Rf4 51. g5 Rf7+ 52. Kh6 Kf8 53. g6 Rf5 54. Rc1 Rc5 55. Rf1+ Kg8 56. Rd1 Rxb5 57. Rd7 Rf5 58. Rxb7 Nf4 59. Rb8+ Rf8 60. Rxb6 Rf5 61. Rb8+ Rf8 62. Rxf8+ Kxf8 63. Kg5 Nxh5 64. Kxh5 Kg7 1/2-1/2

[Event "Nittenau-ch 14th"]
[Site "Nittenau"]
[Date "2014.09.05"]
[Round "1"]
[White "Bergerhoff, Andreas"]
[Black "Kammer, Philipp"]
[Result "1-0"]
[WhiteElo "1949"]
[BlackElo "1386"]
[PlyCount "69"]
[EventDate "2014.09.05"]
[EventType "swiss"]
[EventRounds "5"]
[EventCountry "GER"]
[SourceTitle "CBM 162 Extra"]
[Source "ChessBase"]
[SourceDate "2014.10.17"]
[SourceVersion "1"]
[SourceVersionDate "2014.10.17"]
[SourceQuality "1"]

1. c4 e5 2. Nc3 Nc6 3. g3 Nf6 4. Bg2 d6 5. d3 Be6 6. e4 Nd4 7. h3 c6 8. Nge2 d5 9. cxd5 cxd5 10. Nxd4 exd4 11. Qa4+ Qd7 12. Qxd4 dxe4 13. Qxd7+ Nxd7 14. dxe4 Ne5 15. 0-0 Rd8 16. Nd5 Rd7 17. Be3 f5 18. Rac1 fxe4 19. Nc7+ Ke7 20. Nxe6 Kxe6 21. Bxe4 Nd3 22. Rcd1 Ne5 23. Rxd7 Kxd7 24. Bxa7 Nc6 25. Be3 Bd6 26. Rd1 Kc7 27. a3 g6 28. Kg2 Be5 29. b4 Bb2 30. b5 Na5 31. b6+ Kc8 32. Bf4 Bxa3 33. Bd5 Re8 34. Bf7 Re7 35. Bg5 1-0

[Event "Regionalliga SO 1314"]
[Site "Bayern"]
[Date "2014.04.06"]
[Round "9.4"]
[White "Bauer, Bernd"]
[Black "Bergerhoff, Andreas"]
[Result "1-0"]
[WhiteElo "1971"]
[BlackElo "1960"]
[PlyCount "61"]
[EventDate "2013.10.13"]
[EventType "team-tourn"]
[EventRounds "9"]
[EventCountry "GER"]
[SourceTitle "EXT 2015"]
[Source "ChessBase"]
[SourceDate "2014.11.20"]
[SourceVersion "1"]
[SourceVersionDate "2014.11.20"]
[SourceQuality "1"]
[WhiteTeam "Deggendorf"]
[BlackTeam "Bruckmuehl"]
[WhiteTeamCountry "GER"]
[BlackTeamCountry "GER"]

1. e4 c5 2. Nf3 Nc6 3. d4 cxd4 4. Nxd4 Nf6 5. Nc3 e5 6. Ndb5 d6 7. Bg5 a6 8. Na3 b5 9. Nd5 Be7 10. Bxf6 Bxf6 11. c3 Be6 12. Nc2 Bg5 13. a4 0-0 14. axb5 axb5 15. Bxb5 Rxa1 16. Qxa1 Ne7 17. Bc4 Nxd5 18. Bxd5 Bxd5 19. exd5 f5 20. 0-0 Qb6 21. Nb4 e4 22. Qa6 Qd8 23. Nc6 Qf6 24. Nd4 f4 25. Ne6 f3 26. Nxf8 fxg2 27. Ra1 e3 28. Qe2 Qxf8 29. fxe3 Qe8 30. Kxg2 Bxe3 31. Qg4 1-0